00361nam a2200133Ia 4500008004100000041001200041082002300053100001700076245005300093250001300146260002600159300001200185650003000197231217s9999 xx 000 0 und d aEnglish a001.6424 LIN `R' aLinz, Peter. 3aAn introduction to formal languages and automata a2nd ed.  c1997bNarosa, N.Delhi axix+377 aFormal languages Automata